<?xml version="1.0" encoding="UTF-8"?>
<collection xmlns="http://www.loc.gov/MARC21/slim">
    <record>
        <controlfield tag="001">84321</controlfield>
        <controlfield tag="005">20201105083209.0</controlfield>
        <datafield tag="024" ind1="7" ind2=" ">
            <subfield code="2">doi</subfield>
            <subfield code="a">10.1016/j.neubiorev.2018.09.025</subfield>
        </datafield>
        <datafield tag="024" ind1="8" ind2=" ">
            <subfield code="2">sideral</subfield>
            <subfield code="a">109568</subfield>
        </datafield>
        <datafield tag="037" ind1=" " ind2=" ">
            <subfield code="a">ART-2018-109568</subfield>
        </datafield>
        <datafield tag="041" ind1=" " ind2=" ">
            <subfield code="a">eng</subfield>
        </datafield>
        <datafield tag="100" ind1=" " ind2=" ">
            <subfield code="a">Gilmour, G.</subfield>
        </datafield>
        <datafield tag="245" ind1=" " ind2=" ">
            <subfield code="a">Relating constructs of attention and working memory to social withdrawal in Alzheimer's disease and schizophrenia: issues regarding paradigm selection</subfield>
        </datafield>
        <datafield tag="260" ind1=" " ind2=" ">
            <subfield code="c">2018</subfield>
        </datafield>
        <datafield tag="506" ind1="0" ind2=" ">
            <subfield code="a">Access copy available to the general public</subfield>
            <subfield code="f">Unrestricted</subfield>
        </datafield>
        <datafield tag="520" ind1="3" ind2=" ">
            <subfield code="a">Central nervous system diseases are not currently diagnosed based on knowledge of biological mechanisms underlying their symptoms. Greater understanding may be offered through an agnostic approach to traditional disease categories, where learning more about shared biological mechanisms across conditions could potentially reclassify sub-groups of patients to allow realisation of more effective treatments. This review represents the output of the collaborative group “PRISM”, tasked with considering assay choices for assessment of attention and working memory in a transdiagnostic cohort of Alzheimer''s disease and schizophrenia patients exhibiting symptomatic spectra of social withdrawal. A multidimensional analysis of this nature has not been previously attempted. Nominated assays (continuous performance test III, attention network test, digit symbol substitution, N-back, complex span, spatial navigation in a virtual environment) reflected a necessary compromise between the need for broad assessment of the neuropsychological constructs in question with several pragmatic criteria: patient burden, compatibility with neurophysiologic measures and availability of preclinical homologues.</subfield>
        </datafield>
        <datafield tag="536" ind1=" " ind2=" ">
            <subfield code="9">info:eu-repo/grantAgreement/EC/H2020/115916/EU/Psychiatric Ratings using Intermediate Stratified Markers/PRISM</subfield>
            <subfield code="9">This project has received funding from the European Union’s Horizon 2020 research and innovation program under grant agreement No H2020 115916-PRISM</subfield>
        </datafield>
        <datafield tag="540" ind1=" " ind2=" ">
            <subfield code="9">info:eu-repo/semantics/openAccess</subfield>
            <subfield code="a">All rights reserved</subfield>
            <subfield code="u">http://www.europeana.eu/rights/rr-f/</subfield>
        </datafield>
        <datafield tag="590" ind1=" " ind2=" ">
            <subfield code="a">8.002</subfield>
            <subfield code="b">2018</subfield>
        </datafield>
        <datafield tag="591" ind1=" " ind2=" ">
            <subfield code="a">NEUROSCIENCES</subfield>
            <subfield code="b">18 / 266 = 0.068</subfield>
            <subfield code="c">2018</subfield>
            <subfield code="d">Q1</subfield>
            <subfield code="e">T1</subfield>
        </datafield>
        <datafield tag="591" ind1=" " ind2=" ">
            <subfield code="a">BEHAVIORAL SCIENCES</subfield>
            <subfield code="b">3 / 53 = 0.057</subfield>
            <subfield code="c">2018</subfield>
            <subfield code="d">Q1</subfield>
            <subfield code="e">T1</subfield>
        </datafield>
        <datafield tag="592" ind1=" " ind2=" ">
            <subfield code="a">3.734</subfield>
            <subfield code="b">2018</subfield>
        </datafield>
        <datafield tag="593" ind1=" " ind2=" ">
            <subfield code="a">Behavioral Neuroscience</subfield>
            <subfield code="c">2018</subfield>
            <subfield code="d">Q1</subfield>
        </datafield>
        <datafield tag="593" ind1=" " ind2=" ">
            <subfield code="a">Neuropsychology and Physiological Psychology</subfield>
            <subfield code="c">2018</subfield>
            <subfield code="d">Q1</subfield>
        </datafield>
        <datafield tag="593" ind1=" " ind2=" ">
            <subfield code="a">Cognitive Neuroscience</subfield>
            <subfield code="c">2018</subfield>
            <subfield code="d">Q1</subfield>
        </datafield>
        <datafield tag="655" ind1=" " ind2="4">
            <subfield code="a">info:eu-repo/semantics/article</subfield>
            <subfield code="v">info:eu-repo/semantics/acceptedVersion</subfield>
        </datafield>
        <datafield tag="700" ind1=" " ind2=" ">
            <subfield code="a">Porcelli, S.</subfield>
        </datafield>
        <datafield tag="700" ind1=" " ind2=" ">
            <subfield code="a">Bertaina-Anglade, V.</subfield>
        </datafield>
        <datafield tag="700" ind1=" " ind2=" ">
            <subfield code="a">Arce, E.</subfield>
        </datafield>
        <datafield tag="700" ind1=" " ind2=" ">
            <subfield code="a">Dukart, J.</subfield>
        </datafield>
        <datafield tag="700" ind1=" " ind2=" ">
            <subfield code="a">Hayen, A.</subfield>
        </datafield>
        <datafield tag="700" ind1=" " ind2=" ">
            <subfield code="0">(orcid)0000-0003-3025-8048</subfield>
            <subfield code="a">Lobo, A.</subfield>
            <subfield code="u">Universidad de Zaragoza</subfield>
        </datafield>
        <datafield tag="700" ind1=" " ind2=" ">
            <subfield code="0">(orcid)0000-0002-3360-7015</subfield>
            <subfield code="a">Lopez-Anton, R.</subfield>
            <subfield code="u">Universidad de Zaragoza</subfield>
        </datafield>
        <datafield tag="700" ind1=" " ind2=" ">
            <subfield code="a">Merlo Pich, E.</subfield>
        </datafield>
        <datafield tag="700" ind1=" " ind2=" ">
            <subfield code="a">Pemberton, D.J.</subfield>
        </datafield>
        <datafield tag="700" ind1=" " ind2=" ">
            <subfield code="a">Havenith, M.N.</subfield>
        </datafield>
        <datafield tag="700" ind1=" " ind2=" ">
            <subfield code="a">Glennon, J.C.</subfield>
        </datafield>
        <datafield tag="700" ind1=" " ind2=" ">
            <subfield code="a">Harel, B.T.</subfield>
        </datafield>
        <datafield tag="700" ind1=" " ind2=" ">
            <subfield code="a">Dawson, G.</subfield>
        </datafield>
        <datafield tag="700" ind1=" " ind2=" ">
            <subfield code="a">Marston, H.</subfield>
        </datafield>
        <datafield tag="700" ind1=" " ind2=" ">
            <subfield code="a">Kozak, R.</subfield>
        </datafield>
        <datafield tag="700" ind1=" " ind2=" ">
            <subfield code="a">Serretti, A.</subfield>
        </datafield>
        <datafield tag="710" ind1="2" ind2=" ">
            <subfield code="1">4009</subfield>
            <subfield code="2">730</subfield>
            <subfield code="a">Universidad de Zaragoza</subfield>
            <subfield code="b">Dpto. Psicología y Sociología</subfield>
            <subfield code="c">Área Psicología Básica</subfield>
        </datafield>
        <datafield tag="710" ind1="2" ind2=" ">
            <subfield code="1">1003</subfield>
            <subfield code="2">027</subfield>
            <subfield code="a">Universidad de Zaragoza</subfield>
            <subfield code="b">Dpto. Anatom.Histolog.Humanas</subfield>
            <subfield code="c">Area Anatom.Embriol.Humana</subfield>
        </datafield>
        <datafield tag="773" ind1=" " ind2=" ">
            <subfield code="g">97 (2018), 47-69</subfield>
            <subfield code="p">Neurosci. biobehav. rev.</subfield>
            <subfield code="t">NEUROSCIENCE AND BIOBEHAVIORAL REVIEWS</subfield>
            <subfield code="x">0149-7634</subfield>
        </datafield>
        <datafield tag="856" ind1="4" ind2=" ">
            <subfield code="s">870551</subfield>
            <subfield code="u">http://zaguan.unizar.es/record/84321/files/texto_completo.pdf</subfield>
            <subfield code="y">Postprint</subfield>
        </datafield>
        <datafield tag="856" ind1="4" ind2=" ">
            <subfield code="s">59712</subfield>
            <subfield code="u">http://zaguan.unizar.es/record/84321/files/texto_completo.jpg?subformat=icon</subfield>
            <subfield code="x">icon</subfield>
            <subfield code="y">Postprint</subfield>
        </datafield>
        <datafield tag="909" ind1="C" ind2="O">
            <subfield code="o">oai:zaguan.unizar.es:84321</subfield>
            <subfield code="p">articulos</subfield>
            <subfield code="p">driver</subfield>
        </datafield>
        <datafield tag="951" ind1=" " ind2=" ">
            <subfield code="a">2020-11-05-08:20:34</subfield>
        </datafield>
        <datafield tag="980" ind1=" " ind2=" ">
            <subfield code="a">ARTICLE</subfield>
        </datafield>
    </record>

    
</collection>